Veterinary epidemiology

Veterinary Epidemiology is an invaluable reference source for veterinary general practitioners, government veterinarians, agricultural economists and members of other disciplines interested in animal disease. It will also be essential reading for undergraduate and intermediate-level

שמור ב:
מידע ביבליוגרפי
מחבר ראשי: Thrusfield, M. V.
פורמט: ספר
שפה:Undetermined
יצא לאור: London Butterworths 2007
נושאים:
תגים: הוספת תג
אין תגיות, היה/י הראשונ/ה לתייג את הרשומה!
Thư viện lưu trữ: Trung tâm Học liệu Trường Đại học Cần Thơ
LEADER 00834nam a2200205Ia 4500
001 CTU_132167
008 210402s9999 xx 000 0 und d
020 |c 1458000 
082 |a 636.08944 
082 |b T531 
100 |a Thrusfield, M. V. 
245 0 |a Veterinary epidemiology 
245 0 |c Michael Thrusfield. 
260 |a London 
260 |b Butterworths 
260 |c 2007 
520 |a Veterinary Epidemiology is an invaluable reference source for veterinary general practitioners, government veterinarians, agricultural economists and members of other disciplines interested in animal disease. It will also be essential reading for undergraduate and intermediate-level 
650 |a Veterinary epidemiology,Bệnh dịch tể học 
904 |i Tuyến 
980 |a Trung tâm Học liệu Trường Đại học Cần Thơ